000 00742nam a22002057a 4500
999 _c11425
_d11425
003 AR-CdUCM
008 190404b ||||| |||| 00| 0 spa d
040 _aMUNICIPALIDAD PROVINCIAL DEL CUSCO
_cBIBLIOTECA MUNICIPAL DEL CUSCO
082 _a704 /
_bC836 / 1956
100 _aCossío del Pomar, Felipe
_92452
245 _aCrítica de arte :
_bDe Baudelaire a Malraux /
260 _aMéxico, D.F :
_bFondo de Cultura Económica,
_c1956.
300 _a435 páginas ;
_bIlustraciones,
_c24 cm.
505 _aContenido: Critica de arte y literatura -- Críticos literarios -- La revolución artística de Apollinaire ...
650 _aArte
_9561
650 _aHistoria
_9136
650 _aCritica
_9666
942 _2ddc
_cLIBROS
945 _acmm